| 000 | 00837nam a22002057a 4500 | ||
|---|---|---|---|
| 005 | 20250408090916.0 | ||
| 008 | 241024b ||||| |||| 00| 0 eng d | ||
| 020 | _a9789392116919 | ||
| 040 | _cAL | ||
| 041 | _aKannada | ||
| 082 |
_223 _aK894.9 _bKHAB |
||
| 100 |
_aKHANDIGE (T A N) _9207825 |
||
| 100 |
_b ಟಿ ಎ ಎನ್ ಖಂಡಿಗೆ _9207826 |
||
| 245 |
_aBarigala Nadige : Sahithya samskruthi vimarshe _bಬರಿಗಾಲ ನಡಿಗೆ :ಸಾಹಿತ್ಯ ಸಂಸ್ಕೃತಿ ವಿಮರ್ಶೆ |
||
| 260 |
_aMangaluru _bAakrithi Aashaya Publications _c2024 |
||
| 300 |
_a220 p. _bHB _c21x14 cm. |
||
| 365 |
_a938 _b₹212.00 _c₹ _d₹250.00 _e15% _f26-09-2024 |
||
| 650 |
_aa literary and cultural review _9183161 _2ಸಾಹಿತ್ಯ ಸಂಸ್ಕೃತಿ ವಿಮರ್ಶೆ |
||
| 942 |
_2ddc _cBK |
||
| 999 |
_c231895 _d231895 |
||